000 00394nam a22001457a 4500
005 20251108171003.0
008 250721s1985 xx 000 0 ara d
082 1 4 _aم/580/نبا
245 1 0 _aالنبات /
264 1 _aجنيف :
_bشركة ترادكسيم،
_c1985.
300 _a160ص : مصور
490 0 _aسلسلة كتاب المعرفة
942 _2ddc
_cREF
999 _c53762
_d53762